Ελληνισμός - ελληνικότητα : ιδεολογικοί και βιωματικοί άξονες της νεοελληνικής κοινωνίας
Αποθηκεύτηκε σε:
| Άλλοι συγγραφείς: | |
|---|---|
| Μορφή: | Βιβλίο |
| Γλώσσα: | Greek |
| Δημοσίευση: |
Αθήνα :
Εστία,
2001.
|
| Έκδοση: | 4η έκδ. |
| Σειρά: | Ελληνική κοινωνία ;
1 |
| Θέματα: | |
| Ετικέτες: |
Προσθήκη ετικέτας
Δεν υπάρχουν, Καταχωρήστε ετικέτα πρώτοι!
|
MARC
| LEADER | 00000cam a2200000 i 4500 | ||
|---|---|---|---|
| 001 | 1/30405 | ||
| 008 | 030110s2001 gr | ||| |||| ||gre|| | ||
| 020 | |a 9600507945 | ||
| 035 | |l 10068974 | ||
| 040 | |a GR-MyUa |b gre |e AACR2 | ||
| 041 | 0 | |a gre | |
| 082 | 7 | |a 306.409495 |2 (22) | |
| 245 | 0 | 0 | |a Ελληνισμός - ελληνικότητα : |b ιδεολογικοί και βιωματικοί άξονες της νεοελληνικής κοινωνίας / |c επιμέλεια: Δ. Γ. Τσαούσης. |
| 250 | |a 4η έκδ. | ||
| 260 | |a Αθήνα : |b Εστία, |c 2001. | ||
| 300 | |a 255 σ. ; |c 21 εκ. | ||
| 490 | 1 | |a (Ελληνική κοινωνία ; |v 1) | |
| 650 | 0 | |a National characteristics, Greek. | |
| 651 | 0 | |a Greece |x Politics and government |y 20th century. | |
| 651 | 0 | |a Greece |x Civilization |y 20th century. | |
| 700 | 1 | |a Τσαούσης, Δημήτριος Γ., |d 1931- | |
| 830 | 0 | |a Ελληνική κοινωνία ; |v 1 | |
| 852 | |a INST |b LESVOS |e 20030110 |h 306.409495 ΕΛΛ |p 005100024899 |q 005100024899 |t BK |y 0 | ||